000 00605pam a2200217 a 4500
001 478204
005 20180205070256.0
008 840123s1984 nyua b 001 0 eng
010 _a 84000588
020 _a0060410957 (pbk.)
040 _aDLC
_cDLC
_dDLC
041 _aeng
080 _a658.4012 llo
082 0 0 _a658.4012 llo
_219
100 1 _a54
101 _aman
245 1 0 _aConcepts of strategic management :
_cLloyd L. Byars.
504 _aIncludes bibliographies and indexes.
906 _a7
_bcbc
_corignew
_d1
_eocip
_f19
_gy-gencatlg
942 _2ddc
_cBK
999 _c41747
_d41747